000 00912nam a22003017a 4500
003 CHAP
005 20220329134010.0
008 971013s r 00010 d
010 _a13849
011 _a14821
035 _a18895
040 _cCHAP
090 _aFolleto 5304
100 0 0 _aHeringer, Ezechias Paulo.
_953736
245 _aHistoria da Sociedade Botánica do Brasil
260 _a(s.l.) :
_b(s.e.),
_c(s.a.)
300 _a43 p.
590 _aBATCH-UPD
_b10
_c20130109
_lUCH01
_h2346
590 _aBATCH-UPD
_b10
_c20130110
_lUCH01
_h0313
590 _aBATCH-UPD
_b10
_c20130409
_lUCH01
_h1917
590 _aBATCH-UPD
_b10
_c20130914
_lUCH01
_h0728
590 _aCONVERSION
_b10
_c20130109
_lUCH01
_h1309
650 1 4 _aBotánica
_xSociedades.
_914617
650 1 4 _aBotánica
_xSociedades
_xBrasil.
_914618
901 _aBK
942 _cFOLL
949 _aFolleto 5304
_bBC
_cFOLL
_d-43882
_eTS1
_i18895
_mD
_si
999 _c13849
_d13849